Tratados morales y políticos (Record no. 46468)

MARC details
000 -LEADER
campo de control de longitud fija 00845nam a2200229 i 4500
001 - NÚMERO DE CONTROL
campo de control 46468
003 - IDENTIFICADOR DE NÚMERO DE CONTROL
campo de control ES-MaACL
005 - FECHA Y HORA DE LA ÚLTIMA TRANSACCIÓN
campo de control 20230906161404.0
007 - CAMPO FIJO DE DESCRIPCIÓN FÍSICA--INFORMACIÓN GENERAL
campo de control de longitud fija t|
008 - DATOS DE LONGITUD FIJA--INFORMACIÓN GENERAL
campo de control de longitud fija 030331s1959 sp ||||1| spa d
100 1# - ENTRADA PRINCIPAL--NOMBRE DE PERSONA
Nombre de persona Confucio.
9 (RLIN) 40169
245 10 - MENCIÓN DEL TÍTULO
Título Tratados morales y políticos
Resto del título : según los textos de Confucio y de sus discípulos Tseng-Chen, Tchu-Hi y otros /
Mención de responsabilidad, etc. Confucio ; versión establecida por J. Núñez de Prado ; con unas notas prologales de Emiliano M. Aguilera.
260 ## - PUBLICACIÓN, DISTRIBUCIÓN, ETC.
Lugar de publicación, distribución, etc. Barcelona :
Nombre del editor, distribuidor, etc. Iberia,
Fecha de publicación, distribución, etc. 1959 (
Fabricante Gráficas Diamante)
300 ## - DESCRIPCIÓN FÍSICA
Extensión XII, 167 p. ;
Dimensiones 19 cm.
490 1# - MENCIÓN DE SERIE
Mención de serie Obras Maestras
650 04 - PUNTO DE ACCESO ADICIONAL DE MATERIA--TÉRMINO DE MATERIA
Término de materia o nombre geográfico como elemento de entrada Confucianismo.
9 (RLIN) 11279
700 1# - ENTRADA AGREGADA--NOMBRE PERSONAL
Nombre de persona Aguilera, Emiliano M.
9 (RLIN) 18758
700 0# - ENTRADA AGREGADA--NOMBRE PERSONAL
Nombre de persona Núñez de Prado, Javier.
9 (RLIN) 86191
830 0# - PUNTO DE ACCESO ADICIONAL DE SERIE-TÍTULO UNIFORME
Título uniforme Obras Maestras
9 (RLIN) 181001
852 ## - LOCALIZACIÓN
Ubicación ES-MaACL
Número de control de estantería C-16318
Sublocalización o colección R.44518
Holdings
Estatus retirado Estado de pérdida Estado de daño No para préstamo Biblioteca de origen Biblioteca actual Ubicación en estantería Fecha de adquisición Fuente de adquisición Total de préstamos Signatura topográfica completa Código de barras Visto por última vez Precio de reemplazo Tipo de ítem Koha
        Biblioteca del Ateneo de Madrid Biblioteca del Ateneo de Madrid Galería 17/01/2008     C-16318 1048871 23/02/2023 23/02/2023 Libro impreso